000 00731cam a22002531 4500
001 28191
003 BD-RjUL
005 20211209051241.0
008 140329s1960 enk 001 0 eng
035 _a(BD-RjUL)28272
040 _aDLC
_cWa
_dDLC
_dBD-RjUL
_beng
041 _aeng
082 0 0 _a973.924092
_bCOF 1960
100 1 _aCostello, William.
_d1904-
_986342
245 1 4 _aThe facts about Nixon :
_ban unauthorized biography.
_cWilliam Costello.
260 _aLondon :
_bHutchinson,
_c1960.
300 _axiii, 306 p. ;
_c22 cm.
504 _aIncludes Index.
600 1 0 _aNixon, Richard M.
_q(Richard Milhous),
_d1913-1994.
_986343
942 _2ddc
_cBK
999 _c28191
_d28191